000 00965cam a2200241 a 4500
001 13734222
005 20250526152202.0
008 040928s2005 enka e b 001 0 eng d
020 _a0761970231
020 _a076197024X (pbk.)
050 0 0 _aHD45
_b.H69 2005
082 0 4 _a338.064
_222
100 1 _aHowells, John,
_d1961-
245 1 4 _aThe management of innovation and technology :
_bthe shaping of technology and institutions of the market economy /
_cJohn Howells.
260 _aLondon ;
_aThousand Oaks, Calif. :
_bSAGE,
_cc2005.
300 _avi, 290 p. :
_bill. ;
_c24 cm.
650 0 _aTechnological innovations
_xEconomic aspects.
650 0 _aTechnological innovations
_xGovernment policy.
650 0 _aResearch, Industrial
_xManagement.
856 4 1 _3Table of contents only
_uhttp://www.loc.gov/catdir/toc/fy054/2004114266.html
856 4 2 _3Publisher description
_uhttp://www.loc.gov/catdir/enhancements/fy0658/2004114266-d.html
942 _2lcc
_cBK
_n0
999 _c5969
_d5969